| 000 | 00969nam a22003017a 4500 | ||
|---|---|---|---|
| 001 | 8329 | ||
| 003 | FISKH | ||
| 005 | 20250909113312.0 | ||
| 008 | 250909b cb ||||| |||| 00| 0 eng d | ||
| 020 | _a9780822595229 | ||
| 040 |
_aFISKH _beng _cFISKH _dFISKH |
||
| 050 | _aQL959 .J74 | ||
| 082 | _a598.617 | ||
| 100 | _aJohnson, Sylvia A. | ||
| 245 |
_aInside an egg / _cBy Sylvia A.Johnson |
||
| 250 | _aThis edition first published 1982 | ||
| 260 |
_aMinneapolis : _bLerner Publications Company , _c1982. |
||
| 300 |
_a48 pages : _bcolor illustrations ; _c22 cm . |
||
| 490 | _aLerner Natural Science Books | ||
| 505 | _aZ | ||
| 520 | _aText and photographs trace the development of a chicken egg from the time it is laid until the chick is born. | ||
| 521 | 8 |
_a1080
_bLexile NC |
|
| 521 | 8 |
_aZ
_bRaz-Plus |
|
| 650 |
_aChick embryo _vJuvenile Literature |
||
| 700 |
_aUri, Chaim _eIllustrator |
||
| 942 |
_2ddc _cBK _n0 |
||
| 999 |
_c8329 _d8329 |
||